书目信息 |
| 题名: |
好莱坞如何征服全世界
|
|
| 作者: | 明根特 著 ;吕妤 译 | |
| 分册: | ||
| 出版信息: | 北京 商务印书馆 2016.08 |
|
| 页数: | 352页 | |
| 开本: | 24cm | |
| 丛书名: | 国际文化版图研究文库 | |
| 单 册: | ||
| 中图分类: | J997.12 | |
| 科图分类: | ||
| 主题词: | ||
| 电子资源: | ||
| ISBN: | 978-7-100-12443-0 | |
| 000 | 01317nam 2200325 450 | |
| 001 | CAL 0120162001837 | |
| 005 | 20160919094501.5 | |
| 010 | @a978-7-100-12443-0@b@dCNY58.00 | |
| 100 | @a20160919d2016 em y0chiy50 ea | |
| 101 | 1 | @achi@cfre |
| 102 | @aCN@b110000 | |
| 105 | @ay a 001yy | |
| 106 | @ar | |
| 200 | 1 | @a好莱坞如何征服全世界@Ahao lai wu ru he zheng fu quan shi jie@e市场、战略与影响@f(法) 诺文·明根特著@g吕妤译 |
| 210 | @a北京@c商务印书馆@d2016.08 | |
| 215 | @a352页@c@d24cm | |
| 225 | 2 | @a国际文化版图研究文库@Aguo ji wen hua ban tu yan jiu wen ku |
| 312 | @a法文题名取自书内 | |
| 314 | @a诺文·明根特, 巴黎新索邦第三大学美国文明讲座教授, 电影、经济学与英语社会研究小组联合创始人。 | |
| 320 | @a有书目和索引 | |
| 330 | @a本书密切追踪了40年来好莱坞巨头们的电影作品的演变、它们赢得世界市场的文化战略, 以及它们的市场营销人员对电影制作的影响。主要内容包括: 出口战略、从20世纪60年代到当代。 | |
| 410 | 0 | @12001 @a国际文化版图研究文库 |
| 500 | 10 | @aHollywood a la conquete du monde : marches, strategies, influences@mChinese |
| 607 | @a好莱坞@Ahao lai wu@x电影文化@x研究 | |
| 690 | @aJ997.12@v5 | |
| 701 | 1 | @a明根特@Aming gen te@g(Mingant, Nolwen)@4著 |
| 702 | 0 | @a吕妤@Alu^ yu@4译 |
| 801 | 0 | @aCN@b人天书店@c20160919@g |
| 905 | @aBZT@dJ997.12@e1 | |
| 906 | @dCNY58.00@n3@r1 | |
| 好莱坞如何征服全世界:市场、战略与影响/(法) 诺文·明根特著/吕妤译.-北京:商务印书馆,2016.08 |
| 352页;24cm.-(国际文化版图研究文库) |
| ISBN 978-7-100-12443-0:CNY58.00 |
| 本书密切追踪了40年来好莱坞巨头们的电影作品的演变、它们赢得世界市场的文化战略, 以及它们的市场营销人员对电影制作的影响。主要内容包括: 出口战略、从20世纪60年代到当代。 |
| ● |
| 相关链接 |
|
|
|
正题名:好莱坞如何征服全世界
索取号:J997.12/1
 
预约/预借
| 序号 | 登录号 | 条形码 | 馆藏地/架位号 | 状态 | 备注 |
| 1 | 840218 | 2000840218 | 第二书库/ [索取号:J997.12/1] | 在馆 | |
| 2 | 840219 | 2000840219 | 第二书库/ [索取号:J997.12/1] | 在馆 | |
| 3 | 840220 | 2000840220 | 第二书库/ [索取号:J997.12/1] | 在馆 |